000 00790nam a2200217 a 4500
001 BRCA_1529
005 20190320203449.0
008 900521s1988 mx-a---##b---f001-0#spa-#
020 _a9688378542
040 _aDLC
_cDLC
050 4 _aND259.C9
_b.R63 1988
100 1 _aRodríguez Prampolini, Ida
_94944
245 1 0 _aEnsayo sobre José Luis Cuevas y el dibujo
_cIda Rodríguez Prampolini.
260 _aMéxico
_bUNAM, Instituto de Investigaciones Estéticas
_c1988
300 _a140 p.
_bil.
_c28 cm.
_e[44] p. de láminas
500 _aIncluye índice onomástico, cronología y listado de láminas
504 _aBibliografía: p. 120-125
600 1 4 _aCuevas, José Luis
_d1934-
_xCrítica e interpretación
_94945
650 1 4 _aArte mexicano
_xPintores
_zMéxico
_94946
942 _2lcc
_cB
999 _c1377
_d1377